000 00695cab a2200229 4500
001 ABS48210
008 090401t1993 xxu||||| |||| 00| 0 eng d
035 _a(Sirsi) u65477
041 _aeng
245 _aEC plans fast track for joint ventures
260 _c1993
350 _a0
490 _aBuilding
_v258(7785) 12 March 1993, 32-33(2)
520 _aConsiders how the relaxing of EC laws controling joint ventures will help to encourage and facilitate more such partnerships.
650 _aEC DIRECTIVES
650 _aEC LEGISLATION
650 _aJOINT VENTURES
650 _aTRAETY OF ROME ARTICLE 85(1)
690 _aEUROPE-SINGLE MARKET
942 _n0
948 _c04/03/1997
999 _c40828
_d40828